000 01683nam a22005537a 4500
005 20241113143426.0
008 200917b xxu||||| |||| 00| 0 spa d
020 _a9788490487310
041 _aspa
082 _a658.3 R485d
100 _aRibes Giner, Gabriela
_958863
100 _aPerelló Marín, María Rosario
_958864
100 _aHerrero Blasco, Aurelio
_958865
245 _aDirección de recursos humanos: gestión de personas
260 _aEspaña
260 _bUniversitat Politécnica de Valencia
260 _c2018
300 _a215 páginas
650 _aRECURSOS HUMANOS
650 _aGESTIÓN DE PERSONAS
650 _aHISTORIA
650 _aPLANIFICACIÓN DE LOS RECURSOS HUMANOS
650 _aRECLUTAMIENTO Y SELECCIÓN
650 _aFORMACIÓN Y DESARROLLO
650 _aEVALUACIÓN DEL DESEMPEÑO
650 _aRETRIBUCIÓN
650 _aSELECCIÓN DE PERSONAL
650 _aDESARROLLO PROFESIONAL
650 _aGESTIÓN DE RECURSOS HUMANOS
650 _aSISTEMAS DE RETRIBUCIÓN
650 _aDIRECTOR DE RECURSOS HUMANOS
650 _aCARRERA PROFESIONAL
650 _aCOMPETENCIAS DIRECTIVAS
650 _aTRABAJO EN EQUIPO
650 _aHABILIDADES PROFESIONALES
650 _aROLES DE EQUIPO
650 _aFEEDBACK
650 _aCOMPETENCIAS
650 _aMODELOS DE DIRECCIÓN
650 _aDIRECCIÓN POR COMPETENCIAS
650 _aDIRECCIÓN POR VALORES
650 _aDIGITALIZACIÓN
650 _aPUESTOS DE TRABAJO
650 _aCONTRATACIÓN DE PERSONAL
650 0 _aINTEGRACIÓN
_gMATEMÁTICA
650 _aDESVINCULACIÓN
650 _aFORMACIÓN DE PERSONAL
942 _cBK
_2ddc
999 _c12773
_d12773